Statistiques concernant Buteurs grecs en Coupe du Monde

Cliquez ici pour prendre le quiz!

Statistiques générales

  • Ce quiz a été pris 8 fois
  • Le résultat moyen est 3 sur 5

Statistiques - réponses

Nombre de butsClubNom du joueur% Correct
1Celtic GlasgowGeorgios Samaras
88%
1Borussia DortmundSokratis Papastathopoulos
63%
1Olympiacos Le PiréeAndreas Samaris
50%
1Panathinaikos AODimitris Salpingidis
50%
1AS RomeVasilis Torosidis
38%

Distribution des résultats

Percentile par nombre de réponses

% des personnes avec chaque résultat

Votre développement - résultats

Vous n’avez pas pris ce quiz